000
00255nam a22000977a 4500
008
170125b xxu||||| |||| 00| 0 eng d
041
_a
eng
080
_a
61
245
_a
13TH ANNUAL HILTON AND SYMPOSIUM IN INTERNAL MEDICINE
_c
JEFFERSON, J.W
942
_2
udc
_c
BK
999
_c
3652
_d
3652